000 00653nam a2200277Ia 4500
005 20260324133535.0
008 008 260324s9999 xx 000 0 eng d
020 _a9781315261287
037 _aEBOOK
040 _aCRL
040 _beng
040 _cCRL
041 _2eng
041 _aeng
084 _qCRL
100 _aJane Samson
_91188215
245 0 _aBritish Imperial Strategies in the Pacific, 1750-1900
260 _bTaylor and Francis
260 _c2003
365 _a
365 _b300
856 _uhttp://www.taylorfrancis.com/books/9781315261287
942 _cEBOOK
999 _c1792612
_d1792612